[Event "Oregon Junior Closed (Championship)"]
[Site "Portland, OR"]
[Date "2025.12.05"]
[Round "1"]
[White "Lim, Hayul"]
[Black "Tang, Austin"]
[Result "1/2-1/2"]
[Annotator "Wilson Gibbins"]
[WhiteElo "2064"]
[BlackElo "2172"]
[WhiteFideId "-1"]
[BlackFideId "-1"]
[PlyCount "53"]
[GameId "2251966819364912"]
[EventDate "2025.12.05"]
[EventType "tourn"]
[EventRounds "5"]
[EventCountry "USA"]

{[%evp 0,53,31,24,17,67,11,15,-13,9,-2,-25,-9,-18,-23,-13,-99,24,7,57,19,57,53,59,75,-60,153,84,-29,63,62,-138,55,-69,43,73,131,84,1,121,136,145,145,42,127,-1,193,1,1,175,278,241,249,138,286,37]} {Round 1 game between the top two seeds in the Championship Section. Hayul normally playes 1.Nf3, so his first move 1.e4 indicates he has something prepared against Austin's Sicilian. White makes a lot of strong, agressive moves, but ends up grabbing a draw by perpetual from an exchange down position where Stockfish still prefers White.} 1. e4 c5 2. Nc3 d6 3. f4 g6 4. Nf3 Bg7 5. Bc4 Nc6 6. O-O e6 7. d4 $5 {This is fun. But not original - there are hundreds of games in my database.} Nxd4 {capturing the "free" pawn while preserving Black's pawn struture} ({better is} 7... cxd4 {which gains time by attacking the knight on c3. Black will lose the pawn on d4, but will complete his development and obtain an equal position.} 8. Nb5 Nge7 9. Nbxd4 d5 $13) 8. Be3 $1 $14 Qb6 (8... Nf6 $14) 9. e5 $1 $16 Nf5 (9... Nxf3+ 10. Qxf3 Ne7 11. Bb5+ Kf8 12. b4 $1 {is also better for White.}) 10. Bb5+ Kf8 11. Bf2 a6 12. Be2 Qc6 (12... Qxb2 $2 13. Na4 (13. Ne4)) 13. exd6 $16 (13. g4 $5 {is a riskier way to pursue White's attack.}) 13... Bxc3 14. bxc3 Nxd6 {Black is defending creatively, but White is still better.} 15. Ne5 Qc7 16. Qd3 Nf6 17. Bf3 Kg7 18. Rfd1 Nfe8 $1 19. Nc4 Nf5 (19... Nxc4 20. Qxc4 Nd6 21. Qxc5 Qxc5 22. Bxc5 Nc4 23. Bd4+ f6 24. Rab1 $16) 20. g4 $1 {Not sure if I would have the courage to play this move.} Ne7 21. Qe3 Nf6 (21... Nd5) 22. Nd6 Nfd5 23. Bxd5 Nxd5 24. Rxd5 $1 exd5 25. Qe5+ Kg8 {Black is an exchange and a pawn up, but his rooks are not participating and the dark squares around his king are vulnerable. White is winning, but the way forward is not obvious.} 26. Qe8+ (26. Bh4 $1 Bd7 27. Qe7 Rf8 28. Bf6 $18 {White is threatenening 29.Bxh8 Kxh8 30.Qxf8. If Black moves is queen to the back rank to defend the rook on f8, he loses material.}) (26. f5 {is also good.}) 26... Kg7 27. Qe5+ {Hayul grabs a perpetual and a half point against the top seed.} 1/2-1/2

[Event "Oregon Junior Closed (Challengers)"]
[Site "Portland, OR"]
[Date "2025.12.05"]
[Round "1"]
[White "Bimod, Karthik"]
[Black "Lin, Yian"]
[Result "0-1"]
[Annotator "Wilson Gibbins"]
[WhiteElo "1999"]
[BlackElo "1778"]
[WhiteFideId "-1"]
[BlackFideId "-1"]
[PlyCount "57"]
[GameId "2252176506953833"]
[EventDate "2025.12.05"]
[EventType "tourn"]
[EventRounds "5"]
[EventCountry "USA"]

{[%evp 0,57,19,19,21,-1,26,34,30,29,36,-5,67,68,70,70,70,74,71,71,67,67,41,43,119,56,67,67,69,77,57,57,123,122,125,98,73,73,81,43,22,35,33,-105,-75,-65,-84,-83,-88,-87,-99,-99,-105,-97,-105,-100,-99,-120,-127,-137]} {Kathik was the top seed in the Challengers section, and tournament-time ratings woul dh ave put him in the Championship section. Karthik sacrifices a knight to obtain a winning position, but Yian keeps his cool and emerges from the complications with a winning position.} 1. d4 d5 2. c4 c6 3. Nf3 Nf6 4. Nbd2 e6 5. g3 dxc4 6. Nxc4 b5 7. Nce5 Bb7 8. Bg2 Nbd7 9. O-O Be7 10. Nxf7 Kxf7 11. Ng5+ Ke8 12. Nxe6 Qb6 13. Nxg7+ Kf7 14. Nf5 c5 15. d5 Rad8 16. e4 Rhe8 17. Kh1 Bf8 18. Bg5 c4 19. f4 Nc5 20. e5 Bxd5 (20... Rxd5) 21. Nd6+ Rxd6 $1 (21... Bxd6 22. Bxd5+ $18) 22. exd6 Bxg2+ 23. Kxg2 Qxd6 24. Qxd6 Bxd6 25. Bxf6 Kxf6 26. Rfe1 Rd8 27. Re2 Nd3 28. a4 b4 29. Rc2 {scoresheets became illegible, but Black won in 7 moves} 0-1

[Event "Oregon Junior Closed (Challengers)"]
[Site "Portland, OR"]
[Date "2025.12.05"]
[Round "1"]
[White "Maokhampio, Lucas"]
[Black "Adebolu, Ademidun"]
[Result "0-1"]
[Annotator "Wilson Gibbins"]
[WhiteElo "1934"]
[BlackElo "1749"]
[WhiteFideId "-1"]
[BlackFideId "-1"]
[PlyCount "76"]
[GameId "2252160941629487"]
[EventDate "2025.12.05"]
[EventType "tourn"]
[EventRounds "5"]
[EventCountry "USA"]

{[%evp 0,76,10,24,22,20,16,46,16,12,15,7,31,25,21,28,39,-27,63,41,72,123,113,121,143,127,131,69,61,18,105,102,93,114,109,127,118,138,-21,144,322,211,241,171,79,-1,-1,-1,40,15,156,-71,-44,-1,97,-215,-56,-8,-141,-449,-263,-188,-118,-164,-371,-862,-652,-893,-696,-928,-899,-828,-882,-1253,-1026,-1416,-1503,-29987,-29988]} 1. e4 c5 2. Nf3 d6 3. d4 cxd4 4. Nxd4 Nf6 5. Nc3 Nc6 6. f3 e5 7. Nb3 Be6 8. Nd5 a5 (8... Be7) 9. a4 $14 Bxd5 10. exd5 Nb4 11. Bb5+ $1 $16 Nd7 12. c3 Na6 13. Bxd7+ Qxd7 14. Nxa5 (14. O-O Be7 15. f4 $16) 14... Nc5 15. b4 Be7 16. O-O Bd8 17. Nc4 Nxa4 18. Nxd6+ Ke7 19. Nf5+ Kf6 {This middlegame king centralization is very brave / borderline desperate.} ({Perhaps desperation is called for, as the saner} 19... Qxf5 20. Rxa4 {is much better for White}) 20. g4 $18 Bb6+ 21. Be3 Nxc3 22. Qc2 (22. Qd3 $18) 22... Bxe3+ 23. Nxe3 Nxd5 24. g5+ (24. Qd3 $1 Nb6 25. g5+ Ke7 26. Nf5+ Kd8 27. Qe3 $18) 24... Kxg5 25. Qd2 $16 Nf6 26. Qg2+ Kh5 27. Kh1 g5 $11 (27... Rxa1 28. Rxa1 g5 $17) 28. Rg1 h6 29. f4 exf4 30. Qe2+ g4 (30... f3 31. Qxf3+ Kg6) 31. Rxa8 (31. Rad1 $17) 31... Rxa8 32. Nc4 Qd5+ 33. Qg2 Qxc4 34. h3 Qe4 35. hxg4+ Kg5 36. Qxe4 Nxe4 37. Re1 Ng3+ 38. Kg2 Kxg4 0-1

[Event "Oregon Junior Closed (Championship)"]
[Site "Portland, OR"]
[Date "2025.12.06"]
[Round "2"]
[White "Tang, Austin"]
[Black "Iyengar, Varun"]
[Result "1-0"]
[Annotator "Wilson Gibbins"]
[WhiteElo "2172"]
[BlackElo "2003"]
[WhiteFideId "-1"]
[BlackFideId "-1"]
[PlyCount "58"]
[GameId "2262776591168246"]
[EventDate "2025.12.05"]
[EventType "tourn"]
[EventRounds "5"]
[EventCountry "USA"]

1. e4 c5 2. Nf3 Nc6 3. Bb5 {Austin chooses the Rossolimo Attack.} ({This is just as effective as} 3. d4 {for keeping White's first-move advantage while avoiding the memory-intensive Sveshnikov} cxd4 4. Nxd4 Nf6 5. Nc3 e5 {He is rewarded with a kingside attack without allowing significant counterplay.}) 3... g6 4. Bxc6 {This unprovoked trade of a bishop for a knight's first appearance in my database was in 1857, played by John Cochrane of Cochrane gambit fame (1.e4 e5 2.f4 exf4 3.Nf3 g5 4.Bc4 g4 5.Ne5 Qh4+ 6.Kf1 f3) and Simon Alapin of Alapin Sicilian fame (1.e4 c5 2.c3). They were both ahead of their time, as it did not come into fashion until 1990, getting a big boost in popularity in 1992 when Bobby Fischer played it twice against Boris Spassky and Gary Kasparov played it against Valery Salov.} dxc6 5. d3 Bg7 6. a4 a5 7. h3 Nf6 8. Be3 b6 9. Nc3 Nd7 10. Qd2 h6 11. Nh2 e5 12. O-O Nf8 13. f4 exf4 14. Rxf4 ({The move} 14. Bxf4 {is more popular and is Stockfish's preference. Austion's move scores better and gets his rooks doubled on the f-file more quickly.}) 14... g5 {This looks weakening, but Stockfish says it is best.} 15. Rf2 Ne6 $6 {This looks like a good idea, getting the knight to the active square d4 before posting the bishop on e6. But it turns out to be too ambitious.} (15... Be6 $11) 16. Raf1 O-O $6 (16... Ra7 $16 {is shaky for Black, but it avoids castllng into the attack.}) 17. Ne2 $1 {a nice knight maneuver. White's knights are finding some targets on light squares around Black's king. Black's bishops are not providing much counterplay.} Qd6 (17... Bxb2 $6 {gives Black a pawn and a series of tricks to prevent the immideiate loss of a the semi-trapped dark squared bishop. But the bishop is needed for defense of the kingside, so the tricks will not keep him out of trouble.} 18. c3 Ba3 19. Qa2 Qxd3 20. Ng4 h5 21. Nf6+ Kh8 22. Rf3 Ba6 23. Qxa3 Qxe2 24. Qc1 {and some of Black's kingside pawns will soon fall, making it difficult to maintain a defense for the king.}) 18. Ng4 {The rest is carnage. White's pieces walk into Black's kingside without much resistance. Predictable results ensue.} Ba6 19. h4 h5 20. Nf6+ Bxf6 21. Rxf6 g4 22. Bh6 Qe7 23. R1f5 Bc8 24. e5 Bd7 25. Rg5+ Kh7 26. Rxh5 Kg8 27. Rg5+ Kh7 28. Bxf8 Qxf8 29. Ng3 Ng7 {Stockfish is predicting mate in 8. 30,Rg6+ is an attactive start, as 30...Kxh6 allows 31.Rh5+ Kg6 32.Rh6#} 1-0

[Event "Oregon Junior Closed (Championship)"]
[Site "Portland, OR"]
[Date "2025.12.06"]
[Round "2"]
[White "Nobles, William"]
[Black "Lim, Hayul"]
[Result "0-1"]
[Annotator "Wilson Gibbins"]
[WhiteElo "1967"]
[BlackElo "2064"]
[WhiteFideId "-1"]
[BlackFideId "-1"]
[PlyCount "154"]
[GameId "2252229714629627"]
[EventDate "2025.12.05"]
[EventType "tourn"]
[EventRounds "5"]
[EventCountry "USA"]

{[%evp 0,154,16,-12,11,11,40,27,15,5,8,1,16,-8,29,1,-2,-12,-4,-26,12,9,12,20,16,-19,-21,-34,-12,-7,-7,-5,93,128,125,16,64,50,47,60,62,94,65,72,49,1,0,-21,19,52,62,-7,28,-7,36,27,17,35,69,22,80,75,130,68,58,64,100,55,62,55,58,32,43,44,51,23,31,6,10,-32,0,0,0,-8,0,0,49,92,128,83,107,29,38,29,354,120,231,141,85,107,105,105,225,-195,-255,-193,0,0,0,-272,-258,-290,-311,-537,-554,-591,-621,-662,-519,-535,-608,-828,-911,-931,-893,-939,-939,-973,-1004,-1082,-932,-1005,-922,-1017,-636,-715,-675,-778,-398,-502,-778,-778,-591,-608,-624,-707,-556,-603,-632,-654,-664,-1214,-615,-682,-682,-29995,-29996]} {Will has switched from 1.e4 to 1.c4 recently. Hayul has been playing positional openings like this as White for as long as I can remember, so he is comfortable playing this style of chess.} 1. c4 c5 2. Nc3 g6 3. g3 Bg7 4. Bg2 Nc6 5. d3 a6 6. e4 b5 7. f4 (7. cxb5 axb5 8. Nxb5 {and Black has more than enough compensation for his pawn, with the long-term positional idea of putting his rooks on b8 and a8 to exert queenside pressure as one does in the Benko gambit, and the short-term tactical idea of playing} Ba6 (8... Qa5+ $5 9. Nc3 Bxc3+ 10. bxc3 Qxc3+ 11. Bd2 Qxd3) 9. Nc3 Nb4 $44) 7... b4 8. Nce2 d6 9. h3 Bd7 {What ever happened to developing the kingside and castling? Hayul has a good feel for these positions, realizing that the position is mostly closed and he does not need to make kingside commitments. Will has a history of kingside attacks - why give him a target?} 10. Nf3 Rc8 (10... Qc8 {is another idea, putting Black's queen on a slightly awkward square to prevent White from castling.}) 11. O-O e6 12. g4 Nge7 13. Rb1 Qa5 14. a3 (14. Be3 $5 Qxa2 15. Qe1 $13) 14... Rb8 15. axb4 Qa2 $6 {Hayul presses his luck, and gets rewarded for his courage.} (15... Qxb4) 16. Be3 $1 $16 Rxb4 17. Ra1 $14 {White retains a small advantage.} ({But there was a large advantage available} 17. e5 $1 dxe5 18. Nc3 Qb3 19. fxe5 Qxd1 20. Rfxd1 Nxe5 21. Nxe5 Bxe5 22. Bxc5 $16) 17... Qxb2 18. Rxa6 $14 O-O 19. e5 Bc8 20. Ra8 Rb8 21. Rxb8 Qxb8 22. exd6 Qxd6 23. Ng3 Nd4 24. Ne4 Qc7 25. Qd2 Rd8 26. Rd1 Bb7 27. Nxd4 cxd4 28. Bf2 e5 ({Black can get away with} 28... f5 {in spite of it creating a seemlingly weak pawn on e6} 29. Ng5 Bxg2 30. Kxg2 (30. Nxe6 $5 Qd6 31. Nxd8 Bf3 32. Re1 Qxd8 $13) 30... Qc6+) 29. Bg3 Bxe4 30. Bxe4 exf4 31. Bxf4 (31. Qxf4 $1 $16) 31... Be5 {As Black, I too would be hoping for some sort of good knight vs. bad light squared biship ending, but according to Stockfish, White is still a shade better.} 32. Bh6 Bg7 33. Bf4 Be5 34. Rf1 f6 35. h4 Qd7 36. Qg2 Qd6 37. Bd2 Rb8 38. Qf3 Rb2 39. Rf2 Bg3 40. Re2 Bxh4 {Black has tricked White out of a pawn, but White still has sufficient compensation, partly due to Black's offside bishop on h4.} 41. Bf4 Rb1+ 42. Kh2 Qd8 $6 {Black should prevent White's pawn on c4 from advancing.} (42... Qc5) (42... Qa3) 43. c5 $1 $16 {Black's extra pawn isn't going anywhere soon. White's c-pawn is becoming dangerous.} Be1 {trying to get the bishop back to help with the defense against the advance of the c-pawn} 44. Ra2 Kg7 45. Ra7 Rb2+ 46. Kh1 (46. Kh3 $18) 46... Rb1 (46... Rf2 $1 47. Qd1 (47. Bc7 Qd7 48. Qd1 Nc6 {and lots of material is hanging, but Stockfish says roughly equal.}) 47... Rf1+ 48. Kg2 Rxf4 49. Qxe1 Rxg4+ 50. Kf1 Rg5 51. Qb4 {and believe it or not, Stockfish says that this position is balanced}) 47. Kg2 $18 Rb2+ 48. Kh3 Rf2 49. Qg3 Rf1 50. Qh2 h5 51. Qa2 $2 (51. Bg3 $1 {is the only move to retain White's winning advantage.}) 51... hxg4+ {Now Black has the overwhelming Stockfish advantage in an overwhemingly complicated position.} 52. Kg2 Rf2+ {natural, but the winning line is} (52... Rxf4 53. Qe6 Kh6 $19 {as} 54. Qxe7 ({or} 54. Rxe7 Rf2+ 55. Kg1 Qb8 {and while both sides seem to have good attacking positions, Stockfish says Black gets there first.}) 54... Qxe7 55. Rxe7 Rf2+ 56. Kg1 Rc2 $19 {White's passed c-pawn is under control. Black's kingside pawns cannot be controlled.}) 53. Qxf2 Bxf2 54. Bd6 $2 {Clever, but not good enough.} (54. Kxf2 $11 {The material balance does not look good, but White's c-pawn and active pieces will keep Black from realizing his material advantage}) 54... Bh4 55. Rxe7+ Kh6 56. Bf4+ Bg5 57. Bxg5+ Kxg5 58. Ra7 Qb8 59. Rb7 Qf4 60. c6 Qd2+ 61. Kg3 Qf4+ 62. Kg2 Qd2+ 63. Kg3 f5 64. Rb5 Qe3+ 65. Kg2 Qh3+ 66. Kg1 g3 67. Bg2 Qh2+ 68. Kf1 Qh5 69. Ke1 Qh2 70. Kf1 Qh5 71. Ke1 Qh7 72. Rb7 Qh8 73. c7 Qe5+ 74. Kd1 Qc5 75. Bd5 Kf4 76. Bg2 Qc3 77. Bd5 Ke3 0-1

[Event "Oregon Junior Closed (Challengers)"]
[Site "Portland, OR"]
[Date "2025.12.06"]
[Round "2"]
[White "Adebolu, Ademidun"]
[Black "Lin, Yian"]
[Result "1-0"]
[Annotator "Wilson Gibbins"]
[WhiteElo "1749"]
[BlackElo "1778"]
[WhiteFideId "-1"]
[BlackFideId "-1"]
[PlyCount "77"]
[GameId "2252194580830621"]
[EventDate "2025.12.05"]
[EventType "tourn"]
[EventRounds "5"]
[EventCountry "USA"]

{[%evp 0,18,28,37,24,-21,41,36,41,22,39,11,0,7,16,9,12,21,15,2,63]} {The games starts as a civilized Catalan and breaks loose into chaos.} 1. Nf3 Nf6 2. c4 c6 3. d4 d5 4. Nc3 e6 5. g3 dxc4 6. Ne5 b5 7. Bg2 Nd5 (7... a6 8. Nxc6 Qb6) 8. e4 Nxc3 9. bxc3 Bb7 (9... Be7 $14) 10. Qh5 $1 $16 g6 11. Nxg6 $1 fxg6 12. Qe5 Qe7 13. Qxh8 Nd7 14. h4 O-O-O 15. Bg5 Qf7 16. Bxd8 Bg7 $1 17. Qxh7 Nf8 $1 18. Qxg7 Qxg7 19. Ba5 $16 Nd7 20. O-O-O Nf6 (20... Qf8 $1 21. Kb1 $1 (21. Bb4 Qxf2 22. Rd2 Qe3 $17) (21. a4 Qa3+ 22. Kd2 Nf6 $15) 21... Qxf2 22. Bh3 $1 $13) 21. Kb2 $16 Qh6 22. Bf3 Kd7 23. e5 Ng8 24. h5 g5 25. g4 Qf8 26. Rh3 (26. h6 Nxh6 27. Be4) 26... Nh6 27. Rg3 (27. Ka1) (27. Bb4) 27... Nxg4 $1 $14 28. Rxg4 (28. Bxg4 Qxf2+ $19) 28... Qxf3 29. Rdg1 Qxf2+ (29... c5 30. dxc5 Be4 $13) 30. Ka1 c5 31. dxc5 Bf3 32. Rxg5 Bxh5 33. R1g2 (33. Rg7+ Kc6 34. Rb1 $1) 33... Qe1+ $11 34. Kb2 Be2 (34... Bf3 $11) 35. Rg7+ $1 Kc6 36. Rc7+ Kd5 37. Rd7+ Kxe5 38. Bc7+ Kf6 39. Bg3 1-0

[Event "Oregon Junior Closed (Championship)"]
[Site "Portland, OR"]
[Date "2025.12.06"]
[Round "3"]
[White "Tang, Austin"]
[Black "Gupta, Saahil"]
[Result "1/2-1/2"]
[Annotator "Wilson Gibbins"]
[WhiteElo "2172"]
[BlackElo "1970"]
[WhiteFideId "-1"]
[BlackFideId "-1"]
[PlyCount "63"]
[GameId "2252268476506185"]
[EventDate "2025.12.05"]
[EventType "tourn"]
[EventRounds "5"]
[EventCountry "USA"]
[SourceVersionDate "2026.01.27"]

{[%evp 0,63,13,9,24,31,21,21,20,7,28,19,9,0,4,3,32,11,22,26,39,36,33,38,36,29,48,47,43,9,18,22,28,14,-50,0,18,-29,40,40,45,-1,44,-7,70,20,37,31,36,26,40,1,26,21,14,1,-1,-1,1,-1,1,-1,-1,1,-1,0]} 1. e4 e6 {Saahil varies from the Sicilian he played in round 1.} 2. d4 d5 3. Nd2 c5 4. Ngf3 cxd4 {Wolfgang Uhulmann had a deep understanding of the French Defense, but Saahil finds a steadier opening approach than the one Wolfgang tried against Tal a mere 54 years earlier.} (4... Nc6 5. Bb5 dxe4 6. Nxe4 Bd7 7. Bg5 Qa5+ 8. Nc3 cxd4 9. Nxd4 Bb4 10. O-O Bxc3 11. bxc3 Qxc3 12. Nf5 exf5 13. Re1+ Be6 14. Qd6 a6 15. Bd2 Qxc2 16. Bb4 axb5 17. Qf8+ Kd7 18. Red1+ Kc7 19. Qxa8 {1-0 Tal,M-Uhlmann,W Alekhine Memorial-02 Moscow 1971 (6)}) 5. Nxd4 Nc6 6. Bb5 Bd7 7. Nxc6 Bxc6 8. Bxc6+ bxc6 9. c4 Nf6 10. Qa4 Qc7 11. exd5 exd5 12. O-O Be7 13. cxd5 Nxd5 14. Nf3 O-O 15. Bd2 Bf6 16. Qc2 Rab8 17. Rab1 h6 18. b3 Rfe8 19. Rfe1 Qb6 20. Rbc1 Rxe1+ 21. Rxe1 Bd4 22. Re2 c5 23. Qc4 Rd8 $1 24. Nxd4 cxd4 25. Re5 Nc3 $1 26. a4 Qg6 27. g3 Ne4 28. Ba5 Ng5 $1 29. Rxg5 Qxg5 30. Bxd8 Qxd8 31. Qd3 Qd5 32. Kf1 1/2-1/2

[Event "Oregon Junior Closed (Championship)"]
[Site "Portland, OR"]
[Date "2025.12.06"]
[Round "3"]
[White "Lewis, Kai"]
[Black "Lim, Hayul"]
[Result "0-1"]
[Annotator "Wilson Gibbins"]
[WhiteElo "1947"]
[BlackElo "2064"]
[WhiteFideId "-1"]
[BlackFideId "-1"]
[PlyCount "98"]
[GameId "2254000745416376"]
[EventDate "2025.12.05"]
[EventType "tourn"]
[EventRounds "5"]
[EventCountry "USA"]
[SourceVersionDate "2026.01.27"]

{[%evp 0,98,16,10,16,10,5,0,2,4,-46,-7,-9,-32,-2,20,16,-6,20,71,43,-45,-50,-57,-37,-168,-180,-163,-176,-182,-148,-169,-48,-154,-152,-175,-94,-147,-145,-151,-188,-291,-228,-84,-258,-141,-251,-240,-238,-593,-248,-76,-211,-98,-239,-79,-259,-126,-216,-85,-232,-267,-50,-200,-192,-234,-1,-288,-342,-579,-452,-507,-519,-563,-474,-637,-478,-638,-625,-702,-573,-687,-711,-729,-409,-743,-725,-754,-581,-744,-755,-768,-671,-779,-794,-1239,-1259,-1277,-1287,-1582,-853] A lot of the participants were playing positional like the English and 1.Nf3. Kai usually played 1.e4 in the past. Hayul has always played positional openings as White, so he seems comfortable in these positions.} 1. c4 c5 2. g3 g6 3. Nf3 Bg7 4. d4 cxd4 5. Nxd4 Nc6 $11 6. e3 Nf6 7. Bg2 O-O 8. O-O Nxd4 9. exd4 d5 10. b3 (10. c5 $11) (10. cxd5 $11) 10... Bg4 11. Qd3 Bf5 12. Qc3 dxc4 13. Bb2 (13. bxc4 Ne4 14. Bxe4 Bxd4) 13... cxb3 14. axb3 Qd7 15. Nd2 Rac8 16. Qb4 b6 17. Nc4 Rc7 18. Rfe1 Nd5 19. Bxd5 Qxd5 20. Rxe7 Rxe7 21. Qxe7 Bh3 22. Ne3 Qxb3 23. Ba3 Rc8 24. Qh4 Qc3 (24... Qxa3 $1) 25. Rd1 Qxa3 26. Qxh3 Rc1 27. Qf1 Rxd1 28. Qxd1 Qd6 29. d5 b5 30. Qc2 a6 31. Qc6 Bf8 32. Kg2 b4 33. Kf3 b3 34. Qb7 Qb4 35. Qxb4 Bxb4 36. Nc4 a5 37. Nb2 Bc3 38. Na4 Bf6 39. d6 b2 40. Nxb2 Bxb2 41. Ke4 Kf8 42. Kd5 Ke8 43. Kc6 Kd8 44. Kb5 Bc3 45. Kc4 Bb4 46. Kd5 a4 47. h3 a3 48. Kc4 a2 49. Kd5 a1=N 0-1

[Event "Oregon Junior Closed (Challengers)"]
[Site "Portland, OR"]
[Date "2025.12.06"]
[Round "3"]
[White "Plaunty, Jiro"]
[Black "Adebolu, Ademidun"]
[Result "0-1"]
[Annotator "Wilson Gibbins"]
[WhiteElo "1755"]
[BlackElo "1749"]
[WhiteFideId "-1"]
[BlackFideId "-1"]
[PlyCount "84"]
[GameId "2252535191818326"]
[EventDate "2025.12.05"]
[EventType "tourn"]
[EventRounds "5"]
[EventCountry "USA"]
[SourceVersionDate "2026.01.27"]

{[%evp 0,11,16,28,44,38,22,-31,25,2,14,10,-11,-19] Jiro tries a speculative gambit and is rewarded with a great position. But Ademidum hangs in there and gets the win.} 1. e4 c5 2. a3 Nc6 (2... g6 {avoids the complications that follow}) 3. b4 $5 {This isn't a theortical way to play for an advantage, but it is a practical one.} cxb4 ({Black can decline the pawn with} 3... e6) ({or} 3... Nf6 $5 4. b5 Nd4 5. c3 Ne6 {both resulting in decent positions for Black, but very chaotic}) 4. axb4 Nxb4 5. c3 Nc6 6. d4 d5 (6... d6) 7. exd5 Qxd5 8. Na3 $14 e6 $6 9. Nb5 $1 $16 Bd6 10. Bc4 $5 {tempting, leads to an advantage, but not strongest.} (10. Qg4) (10. c4) 10... Qe4+ (10... Qxc4 11. Nxd6+) 11. Ne2 Bb8 12. O-O Nge7 13. Ba3 O-O 14. Nd6 Qh4 $13 {White still has compensation, but Black has survived the worst.} 15. Ng3 Bxd6 16. Bxd6 Rd8 17. Ba3 b6 (17... Nd5) 18. Re1 Bb7 $2 19. Re4 $1 $18 {White is back on the attack.} Qf6 20. Nh5 Qg6 21. Rg4 Qxh5 22. Rxg7+ Kxg7 23. Qxh5 Ng6 24. Re1 Na5 25. Bd3 Rd5 26. Re5 Rad8 27. Bxg6 hxg6 28. Qe2 Nc4 {White is still winning, but Black is continuing to pose problems.} 29. Rxd5 (29. Be7 $1 R8d7 30. Rxe6 $1 fxe6 31. Qxe6 {would be hard for mortals to find over the board.}) (29. Qxc4 Rxe5 30. h3 {is still a little better for White}) 29... Bxd5 $11 {Stockfish says that Black is fine.} 30. Bc1 {Black's dark squares give the impression that White may be able to invade with his queen and Bishop.} a5 31. h4 Rh8 32. g3 $2 {A natural defense to the h-pawn, but Stockfish disapproves.} (32. Qg4) 32... a4 $1 $17 33. Qa2 a3 34. f4 (34. Bxa3 Ra8) 34... Ra8 35. g4 Ne3 36. Qe2 a2 37. Bb2 a1=Q+ 38. Bxa1 Rxa1+ 39. Kf2 Ra2 40. Qxa2 Nxg4+ 41. Kg3 Bxa2 42. Kxg4 Kf6 0-1